01165njm a2200277Ia 450000100060000000300090000600500170001500800410003204000130007304000130008604100130009910000180011210000180013010000380014824500390018625000110022526000110023626000620024730000100030930000290031950001540034850501890050265000520069170000820074370000620082520853IT-RoPAU20220918181147.0131025s9999 xx 000 0 und d aIT-RoPAU cIT-RoPAU aITALIANO aLolli Claudio eAutore musica gCodice autore musica SPICS: 10989 aAspettando Godot (Lp 3C 054-17814) a1a ed. aITALIA bEMI ITALIANAc1976 [1a Ed.:1976 - Ed. Lingua Orig.: 1976] aDISCO c51 minuti (Testo: pag.) aPiccola borghesia. Canzoni di protesta, fatica del vivere quotidiano, Illusione, tempo dell'amore, vivere per un ideale aspettando un futuro migliore aAspettando Godot - Borghesia - Michel - L'isola verde - Il tempo dell'illusione - Quelli come noi - Angoscia metropolitana - Quello che mi resta - Quanto amore - Quando la morte avrà aCANTAUTORE [DISCHI]eCodice MATERIA SPICS: 9950 aLolli ClaudioeAutore testo e musicagCodice autore testo/musica SPICS: 10989 aLolli ClaudiogCodice interprete SPICS: 10989eInterprete